| 000 | 00597nam a2200205Ia 4500 | ||
|---|---|---|---|
| 003 | GCL | ||
| 008 | 140319s9999 xx 000 0 ara d | ||
| 040 |
_aGCL / _cGCL |
||
| 082 | 0 | 4 |
_a910.202 _bم ج |
| 100 | 1 | _aمحمد مرسى الحريرى | |
| 245 | 1 | 0 |
_aجغرافية السياحة / _cمحمد مرسى الحريرى |
| 260 |
_a[S.N] : _bدار المعرفة الجامعية ، _c1991 |
||
| 300 | _a283 ص | ||
| 490 | _a | ||
| 650 | 0 | 4 | _aالرحلات |
| 650 | 0 | 4 | _aالسياحة |
| 650 | 0 | 4 | _aالجغرافيا |
| 650 | 0 | 4 | _aالسياحة والدولة |
| 942 |
_2ddc _cBK |
||
| 999 |
_c34032 _d34032 |
||